000 00730nam a2200229 a 4500
001 000006103
003 DO-SdBNP
005 20260206120934.0
008 090826s1988 dr c 001 0 spa d
040 _aDO-SdBNP
_bspa
_cBNPHU
049 _aBNPD
082 4 _a364
_bD637i
_222
100 1 _aDoctel Matos, Hector
_917192
245 1 0 _aIntroducción al estudio de la criminología / :
_bHéctor Doctel Matos.
250 _a3a ed.
260 _aSanto Domingo, :
_bSoto Castillo,
_c1988.
300 _a167 p. :
_bretrs. ;
_c21 cm.
500 _aIncluye referencias bibliográficas
650 7 _aCriminología
_xColecciones de escritos
_917089
_2LIBRUNAM
700 1 _aCabral Ortega, Héctor A.
_eprólogo
_917194
942 _2ddc
_cLBS1
999 _c5899
_d5899